La prensa chilena en la encrucijada: entre la voz monocorde y la revolución digital
Shranjeno v:
| Glavni avtor: | |
|---|---|
| Format: | Knjiga |
| Jezik: | španščina |
| Izdano: |
Santiago
Lom
2012
|
| Izdaja: | 1a. ed |
| Serija: | Comunicación y Periodismo. Ciencias Humanas
|
| Teme: | |
| Oznake: |
Označite
Brez oznak, prvi označite!
|
MARC
| LEADER | 00000cam a2200000 a 4500 | ||
|---|---|---|---|
| 001 | UCF4379 | ||
| 003 | CL-VaPUC | ||
| 008 | 121206e20120000CL |||||||||||||||||spa|d | ||
| 020 | |a 9789560003546 | ||
| 082 | 0 | 4 | |a 070.4 |b BAL |2 21 |
| 100 | 0 | |a Baltra Montaner, Lidia |e author |9 565925 | |
| 245 | 1 | 3 | |a La prensa chilena en la encrucijada: entre la voz monocorde y la revolución digital |
| 250 | |a 1a. ed | ||
| 300 | |a 125 p | ||
| 942 | |c BK | ||
| 945 | |d 20121206 00:00:00 |a dcastane | ||
| 260 | |a Santiago |b Lom |c 2012 | ||
| 650 | 0 | |a Periodismo |9 310113 | |
| 650 | 7 | |a INNOVACIONES TECNOLOGICAS |2 CL-VaPUC |9 565926 | |
| 650 | 0 | |a Medios de comunicación de masas |9 257273 | |
| 583 | |a last modification |c 20121206 10:49:00 |k Rodrigo Vera | ||
| 490 | 0 | |a Comunicación y Periodismo. Ciencias Humanas | |
| 999 | |c 350186 |d 350184 | ||
| 952 | |0 0 |1 0 |4 0 |6 070_400000000000000_BAL_2012 |7 0 |8 A |9 453405 |a BIBCUR |b BIBCUR |d 2019-11-22 |i 4930770 |o 070.4 BAL 2012 |p 4930770 |r 2025-04-22 |w 2019-11-22 |y BK |k PER | ||